Music Quiz

Random Music or Artist Quiz

Music Artists with same last name Quiz Stats

Quiz not verified by Sporcle

Challenge
Share
Tweet
Embed
Score 0/45 Timer 08:00
0 Plays Today
First Names Common Last Name % Correct
Little Willie, Elton, RobertJohn
96.1%
Etta, George, Davy, NorahJones
96.1%
Ringo, EdwinStarr
96.1%
Dusty, RickSpringfield
94.1%
Steven, BonnieTyler
94.1%
Hank, Deniece, VanessaWilliams
94.1%
Thelma, WhitneyHouston
92.2%
Mahalia, Michael, Joe, AlanJackson
90.2%
Z.Z., Dan, FaithHill
88.2%
Gary, Huey, DonnaLewis
88.2%
Joe, Paul, CarlySimon
88.2%
Ray, CatStevens
88.2%
Louis, Billie JoeArmstrong
86.3%
Rod, Al, JermaineStewart
86.3%
Doris, Morris, HowieDay
84.3%
Ricky, WillieNelson
84.3%
Bryan, Ryan, OlettaAdams
82.4%
Dean, Moon, RickyMartin
82.4%
O.C., Patti, WillSmith
80.4%
Sammy, Mac, PaulDavis
76.5%
Judy, Phil, TylerCollins
72.5%
Faron, Neil, PaulYoung
72.5%
Trini, JenniferLopez
70.6%
First Names Common Last Name % Correct
Glen, TevinCampbell
68.6%
Brenda, Dickey, JohnnyLee
68.6%
Graham, JohnnyNash
68.6%
Steve, KatiePerry
68.6%
Bobby, Lee AnnWomack
64.7%
Paul, JesseMcCartney
60.8%
Wilbert, GeorgeHarrison
58.8%
Jackie, Nancy, AlWilson
58.8%
Lilly, KrisAllen
56.9%
James, Peter, Bobby, ChrisBrown
56.9%
Steve, VickiLawrence
54.9%
Johnny, VinceGill
52.9%
Dinah, Baby, GroverWashington
52.9%
Dave, KennyLoggins
49%
Mitch, SteveMiller
47.1%
Dobie, DavidGray
45.1%
Elvin, StephenBishop
43.1%
Carl, VanessaCarlton
43.1%
Jerry, LouReed
43.1%
Johnnie, James, R. DeanTaylor
35.3%
Dakota, CandiStaton
21.6%
Luther, JamesIngram
13.7%

You're not logged in!

Compare scores with friends on all Sporcle quizzes.
Join for Free
OR
Log In

You Might Also Like...

Show Comments

Extras

Created Jun 29, 2012ReportNominate
Tags:Artist Quiz, common, last, same

Top Quizzes Today


Score Distribution

Your Account Isn't Verified!

In order to create a playlist on Sporcle, you need to verify the email address you used during registration. Go to your Sporcle Settings to finish the process.

Report this User

Report this user for behavior that violates our Community Guidelines.

Details: